000 00271nam a2200097Ia 4500
008 231107s1999 xx 000 0 und d
041 _aeng
100 _aDwiwedi Sharada
245 _aFort Walks: Around Bombay's Fort Area
260 _aBombay
_bEminence Design pvt ltd.
_c1999
999 _c922975
_d922975